000 00414nam a22001577a 4500
005 20251108175609.0
008 250721s9999 xx 000 0 eng d
082 1 4 _aJ/F/KLE
245 1 0 _aKLEPTY THE LIFTER/ LEVEL 2 /
264 1 _aDELHI :
_bMANOJ PUBLICATIONS,
300 _a24P.
650 1 7 _afiction
653 _aاطفال مرحلة متوسطة (6-9) سنوات
942 _2ddc
_cBK
999 _c137858
_d137858